|
|
|
|
| LEADER |
00000nab a2200000 a 4500 |
| 001 |
vtls000712080 |
| 003 |
SK-MaSNL |
| 005 |
20260303235259.0 |
| 008 |
180206c2000 xo 0 slo |
| 015 |
|
|
|a SNBRB2000/02-03769
|
| 035 |
|
|
|a CLN000064247
|
| 040 |
|
|
|a SNKBUCL
|b slo
|c SNKBUCL
|e AACR2
|
| 041 |
0 |
|
|a slo
|
| 044 |
|
|
|a xo
|c SK
|
| 080 |
|
|
|a 323.113(=854)(494):061.25
|2 UDC-MRF-SK2
|
| 100 |
1 |
|
|a Handžárik, Július,
|d 1930-
|4 aut
|9 246431
|
| 245 |
1 |
0 |
|a Poučenie z Zürichu (o spolkovom živote)
|b Združenie Slovákov vo Švajčiarsku je životaschopnou komunitou
|c Július Handžárik
|
| 610 |
2 |
7 |
|a Združenie Slovákov vo Švajčiarsku
|2 snkbucl
|9 17516
|
| 650 |
0 |
7 |
|a Slováci
|z Švajčiarsko
|2 snkbucl
|9 265988
|
| 655 |
|
7 |
|a články z novín a časopisov
|2 snkbucl
|9 267496
|
| 773 |
0 |
|
|x 1335-4698
|t Slovenská republika
|g Roč. 8, č. 17 (22.1.2000), s. 8
|
| 850 |
|
|
|a Slovenská národná knižnica v Martine
|
| 852 |
|
|
|a SNK
|b KIS3GCP
|
| 958 |
|
|
|a RBX
|
| 999 |
|
|
|c 2524935
|d 2526865
|